HUMAN ANATOMY: REGIONAL AND APPLIED DISSECTION AND CLINICAL (Record no. 209523)
[ view plain ]
| 000 -LEADER | |
|---|---|
| fixed length control field | 00436nam a22001577a 4500 |
| 008 - FIXED-LENGTH DATA ELEMENTS--GENERAL INFORMATION | |
| fixed length control field | 240313b |||||||| |||| 00| 0 eng d |
| 020 ## - INTERNATIONAL STANDARD BOOK NUMBER | |
| International Standard Book Number | 81-239-1155-6 |
| 050 ## - LIBRARY OF CONGRESS CALL NUMBER | |
| Classification number | QM 23 .C354 2004 V.1 |
| Item number | 2 |
| 100 ## - MAIN ENTRY--PERSONAL NAME | |
| Personal name | CHAURASIA'S,B D |
| 245 ## - TITLE STATEMENT | |
| Title | HUMAN ANATOMY: REGIONAL AND APPLIED DISSECTION AND CLINICAL |
| 250 ## - EDITION STATEMENT | |
| Edition statement | 4TH |
| 260 ## - PUBLICATION, DISTRIBUTION, ETC. | |
| Place of publication, distribution, etc. | NEW DELHI |
| Name of publisher, distributor, etc. | BANGALORE |
| Date of publication, distribution, etc. | 2004 |
| 300 ## - PHYSICAL DESCRIPTION | |
| Extent | XV,288P.ILL: |
| 500 ## - GENERAL NOTE | |
| General note | INCLUDES INDEX |
| 942 ## - ADDED ENTRY ELEMENTS (KOHA) | |
| Source of classification or shelving scheme | Library of Congress Classification |
| Koha item type | Long Loan Book |
| Withdrawn status | Lost status | Source of classification or shelving scheme | Damaged status | Not for loan | Collection | Home library | Current library | Shelving location | Date acquired | Inventory number | Total checkouts | Full call number | Barcode | Date last seen | Date last checked out | Copy number | Price effective from | Koha item type | Total renewals |
|---|---|---|---|---|---|---|---|---|---|---|---|---|---|---|---|---|---|---|---|
| Library of Congress Classification | Medicine | Kisii University Library | Kisii University Library | On Display | 03/13/2024 | 24878 | 3 | QM 23 .354 2004 V.1 | 000000003678 | 03/23/2026 | 03/09/2026 | 2 | 03/13/2024 | Long Loan Book | |||||
| Library of Congress Classification | Medicine | Kisii University Library | Kisii University Library | On Display | 09/08/2025 | 24874 | 2 | QM 23 .C354 2004 V. 1 | 033465 | 02/12/2026 | 02/11/2026 | 1 | 09/08/2025 | Long Loan Book | |||||
| Library of Congress Classification | Medicine | Kisii University Library | Kisii University Library | On Display | 09/08/2025 | 24875 | 1 | QM 23 .C 354 2004 V. 1 | 033237 | 04/13/2026 | 03/30/2026 | 5 | 09/08/2025 | Long Loan Book | 1 |